| 000 | 01041nam a22003137a 4500 | ||
|---|---|---|---|
| 003 | CHAP | ||
| 005 | 20220329140404.0 | ||
| 008 | 971013s r 00010 d | ||
| 010 | _a51280 | ||
| 011 | _a52252 | ||
| 035 | _a56402 | ||
| 040 | _cCHAP | ||
| 090 | _aR-1150Y | ||
| 100 | 0 | 0 |
_aRogerson, A. _999079 |
| 245 | _aEfecto de la temperatura ambiental en la energía metabolizable del ganado | ||
| 500 | _aSobretiro : Journal of Agricultural Science 55 : 359, 1960 | ||
| 590 |
_aBATCH-UPD _b10 _c20130109 _lUCH01 _h2307 |
||
| 590 |
_aBATCH-UPD _b10 _c20130110 _lUCH01 _h0526 |
||
| 590 |
_aBATCH-UPD _b10 _c20130410 _lUCH01 _h0206 |
||
| 590 |
_aBATCH-UPD _b10 _c20130914 _lUCH01 _h1505 |
||
| 590 |
_aCONVERSION _b10 _c20130109 _lUCH01 _h1328 |
||
| 650 | 1 | 4 |
_aAlimentos y alimentacion del ganado. _94326 |
| 650 | 1 | 4 |
_aGanado _xEfecto del clima. _944906 |
| 650 | 1 | 4 |
_aGanado _xTrópicos. _944956 |
| 650 | 1 | 4 |
_aTemperatura _xEfecto en ganado vacuno. _9112197 |
| 901 | _aBK | ||
| 942 | _cREIMP | ||
| 949 |
_aR-1150Y _bBC _cR _d-123215 _eTS1 _i56402 _si |
||
| 999 |
_c51280 _d51280 |
||